Dieux et divas de l'opéra / (Registro nro. 106619)

Detalles MARC
000 -LEADER
campo de control de longitud fija 00885nam a2200277 i 4500
001 - NÚMERO DE CONTROL
campo de control 106619
003 - IDENTIFICADOR DE NÚMERO DE CONTROL
campo de control ES-MaACL
005 - FECHA Y HORA DE LA ÚLTIMA TRANSACCIÓN
campo de control 20250726220530.0
007 - CAMPO FIJO DE DESCRIPCIÓN FÍSICA--INFORMACIÓN GENERAL
campo de control de longitud fija t|
008 - DATOS DE LONGITUD FIJA--INFORMACIÓN GENERAL
campo de control de longitud fija 061211s1986 fr ||||1| fre d
020 ## - NÚMERO INTERNACIONAL ESTÁNDAR DEL LIBRO
Número Internacional Estándar del Libro 2-259-01429-1
080 ## - NÚMERO DE LA CLASIFICACIÓN DECIMAL UNIVERSAL
Número de la Clasificación Decimal Universal 792.54
080 ## - NÚMERO DE LA CLASIFICACIÓN DECIMAL UNIVERSAL
Número de la Clasificación Decimal Universal 782
080 ## - NÚMERO DE LA CLASIFICACIÓN DECIMAL UNIVERSAL
Número de la Clasificación Decimal Universal 929(100):78.071.2
100 1# - ENTRADA PRINCIPAL--NOMBRE DE PERSONA
Nombre de persona Blanchard, Roger.
9 (RLIN) 29147
245 10 - MENCIÓN DEL TÍTULO
Título Dieux et divas de l'opéra /
Mención de responsabilidad, etc. Roger Blanchard et Roland de Candé.
260 ## - PUBLICACIÓN, DISTRIBUCIÓN, ETC.
Lugar de publicación, distribución, etc. Paris :
Nombre del editor, distribuidor, etc. Plon,
Fecha de publicación, distribución, etc. [1986]
300 ## - DESCRIPCIÓN FÍSICA
Extensión 2 v. :
Otras características físicas il. ;
Dimensiones 23 cm.
500 ## - NOTA GENERAL
Nota general Biblioteca Jacinto Martínez Lacalle.
505 8# - NOTA DE CONTENIDO CON FORMATO
Nota de contenido con formato 1. Des origines áa la Malibran -- 2. De 1820 áa 1950: grandeur et décadence du bel canto
650 #7 - PUNTO DE ACCESO ADICIONAL DE MATERIA--TÉRMINO DE MATERIA
Término de materia o nombre geográfico como elemento de entrada Ópera
Fuente del encabezamiento o término embne
9 (RLIN) 15706
650 14 - PUNTO DE ACCESO ADICIONAL DE MATERIA--TÉRMINO DE MATERIA
Término de materia o nombre geográfico como elemento de entrada Cantantes-
Subdivisión general Biografías.
9 (RLIN) 10744
700 1# - ENTRADA AGREGADA--NOMBRE PERSONAL
Nombre de persona Candé, Roland de.
9 (RLIN) 34447
852 ## - LOCALIZACIÓN
Ubicación ES-MaACL
Número de control de estantería E-11440-41
Sublocalización o colección R.139015
Existencias
Estatus retirado Estado de pérdida Estado de daño No para préstamo Biblioteca de origen Biblioteca actual Ubicación en estantería Fecha de adquisición Fuente de adquisición Total de préstamos Signatura topográfica completa Código de barras Visto por última vez Precio de reemplazo Tipo de ítem Koha
        Biblioteca del Ateneo de Madrid Biblioteca del Ateneo de Madrid Depósito 2 17/01/2008     E-11440-41 1111291 23/02/2023 23/02/2023 Libro impreso